• 首页
  • 本馆介绍
  • 公告通知
  • 最新文献
  • 馆藏检索
  • 电子资源
  • 读者导购
  • 参考咨询
  • 我的图书馆
  • 登录
  • 详细信息显示
  • 放入我的书架
  • 预约/预借图书
  • 作者相关作品
  • 分类相关作品
  • 丛书相关作品
  • 出版社相关作品

书目信息

  • 表格格式
  • 工作单格式
  • 卡片格式
题名:
花礼中的多肉组合
    
 
作者: 文小彦 , 初舍 主编
分册:  
出版信息: 北京   中国农业出版社  2019.08
页数: 256页
开本: 24cm
丛书名:
单 册:
中图分类: S682.33
科图分类:
主题词: 多浆植物--duo jiang zhi wu--观赏园艺
电子资源:
ISBN: 978-7-109-25161-8
000 00868nam0 2200253 450
001 0106081822
005 20201106082044.0
010    @a978-7-109-25161-8@dCNY76.00
100    @a20191202d2019 em y0chiy50 ea
101 0  @achi
102    @aCN@b110000
105    @aa z 000yy
106    @ar
200 1  @a花礼中的多肉组合@Ahua li zhong de duo rou zu he@f初舍, 文小彦主编
210    @a北京@c中国农业出版社@d2019.08
215    @a256页@c彩图@d24cm
300    @a园艺家
330    @a本书内容为如何用可爱的多肉植物制作各种花礼。花礼的用途多样,可以装点居室,也可以送人及在某些重要场合(婚礼及其他盛会)中使用。书中附带大量精美图片,有制作过程。
606 0  @a多浆植物@Aduo jiang zhi wu@x观赏园艺
690    @aS682.33@v5
701  0 @a文小彦@Awen xiao yan@4主编
701  0 @a初舍@Achu she@4主编
801  0 @aCN@bBJSZM@c20201106
905    @b1192232-5@dS682.33@e612@f4
    
    花礼中的多肉组合/初舍, 文小彦主编.-北京:中国农业出版社,2019.08
    256页:彩图;24cm
    园艺家
    
    ISBN 978-7-109-25161-8:CNY76.00
    本书内容为如何用可爱的多肉植物制作各种花礼。花礼的用途多样,可以装点居室,也可以送人及在某些重要场合(婚礼及其他盛会)中使用。书中附带大量精美图片,有制作过程。
●
相关链接 在E读中查询图书 在五车中查询图书 在当当中查询图书 在豆瓣中查询图书


正题名:花礼中的多肉组合     索取号:S682.33/612         预约/预借

序号 登录号 条形码 馆藏地/架位号 状态 备注
1 1192232   211922320   第二样本阅览室/ [索取号:S682.33/612] 在馆    
2 1192233   211922339   第三借阅区/ [索取号:S682.33/612] 在馆    
3 1192234   211922348   第三借阅区/ [索取号:S682.33/612] 在馆    
4 1192235   211922357   第三借阅区/ [索取号:S682.33/612] 在馆    
唐山师范学院图书馆 欢迎您!
大连网信软件有限公司© 版权所有